000 00343 a2200145 4500
001 168445
020 _a
040 _cMagnum
100 _aLuna, Sergio Vasconcelos de
240 1 0 _aPlanejamento de pesquisa: uma introducao
_lpor
245 1 0 _aPlanejamento de pesquisa: uma introducao
362 0 _a1899
697 _aENSINO
942 _cBK
999 _c168445
_d168445